El canto errante / (Record no. 14566)

MARC details
000 -LEADER
fixed length control field 00493 a2200193 4500
003 - CONTROL NUMBER IDENTIFIER
control field sjds
005 - DATE AND TIME OF LATEST TRANSACTION
control field 20250526043146.0
008 - FIXED-LENGTH DATA ELEMENTS--GENERAL INFORMATION
fixed length control field 250526b |||||||| |||| 00| 0 spa d
020 ## - INTERNATIONAL STANDARD BOOK NUMBER
International Standard Book Number 9789992471197
020 ## - INTERNATIONAL STANDARD BOOK NUMBER
International Standard Book Number 9992471190
040 ## - CATALOGING SOURCE
Transcribing agency sjds
041 ## - LANGUAGE CODE
Language code of text/sound track or separate title spa
100 ## - MAIN ENTRY--PERSONAL NAME
Personal name Dario, Ruben
245 ## - TITLE STATEMENT
Title El canto errante /
Statement of responsibility, etc. Ruben Dario.
260 ## - PUBLICATION, DISTRIBUTION, ETC. (IMPRINT)
Place of publication, distribution, etc. Managua :
Name of publisher, distributor, etc. Amerrisque,
Date of publication, distribution, etc. 2007.
300 ## - PHYSICAL DESCRIPTION
Extent 66 pages ;
Dimensions 21 cm.
440 ## - SERIES STATEMENT/ADDED ENTRY--TITLE
Title Coleccion "Biblioteca dariana", Serie Azul.
942 ## - ADDED ENTRY ELEMENTS (KOHA)
Koha item type Libro/Book
Holdings
Withdrawn status Lost status Damaged status Not for loan Home library Current library Shelving location Date acquired Inventory number Total Checkouts Full call number Barcode Date last seen Price effective from Koha item type Date checked out
        San Juan Del Sur -- Biblioteca San Juan Del Sur -- Biblioteca General Stacks 22/08/2015 Inventory date: 15-5-25   AD Dar 30007361 22/08/2015 22/08/2015 Libro/Book  
        San Juan Del Sur -- Biblioteca San Juan Del Sur -- Biblioteca General Stacks 22/08/2015 Inventory date: 15-5-25 1 AD Dar 30007362 08/11/2016 22/08/2015 Libro/Book 03/11/2016

Powered by Koha